[Event "AUTO-INT-3880"]
[Site "http://www.queenalice.com/game.php?id=1837660"]
[Date "2024.5.28"]
[Round "1"]
[White "Racey"]
[Black "almiradm87"]
[Result "0-1"]
[WhiteElo "1557"]
[BlackElo "1755"]

1. e4 c6 2. Bc4 d5 3. Bd3 dxe4 4. Bxe4 Nf6 5. Bd3 g6 6. h4 Bg7 7. c4 Qxd3 8. Na3
Ng4 9. c5 Nxf2 10. Kxf2 Bd4+ 11. Ke1 Qg3+ 12. Ke2 Qf2+ 13. Kd3 Bf5+ 14. Kc4 b5+
15. Kb3 Be6+ 16. Kc2 Bf5+ 17. Kb3 Na6 18. g4 Nxc5+ 19. Kb4 a5# 0-1

[Event "AUTO-INT-3880"]
[Site "http://www.queenalice.com/game.php?id=1837661"]
[Date "2024.5.28"]
[Round "1"]
[White "almiradm87"]
[Black "Racey"]
[Result "1-0"]
[WhiteElo "1753"]
[BlackElo "1565"]

1. d4 b5 2. e4 b4 3. Nf3 Nf6 4. Bd3 a5 5. O-O h5 6. Nbd2 h4 7. Bc4 a4 8. e5 Ng4
9. Bxf7+ Kxf7 10. Ng5+ Kg6 11. Qxg4 Qe8 12. Ne6+ Kf7 13. Nxc7 Qd8 14. Nxa8 Bb7
15. Ne4 Bxa8 16. Ng5+ Kg8 17. e6 Qe8 18. exd7 Nxd7 19. Qe6+ Qf7 20. Qxf7# 1-0

[Event "AUTO-INT-3880"]
[Site "http://www.queenalice.com/game.php?id=1837662"]
[Date "2024.5.28"]
[Round "1"]
[White "Racey"]
[Black "SamuraiJOM"]
[Result "0-1"]
[WhiteElo "1543"]
[BlackElo "1737"]

1. e4 e5 2. Qh5 Nf6 3. Qxe5+ Be7 4. Bd3 Nc6 5. Qg3 d6 6. h4 Nh5 7. Qf3 Nf6 8. h5
Bg4 9. Qg3 Ne5 10. f4 Nxh5 11. Rxh5 Bxh5 12. fxe5 O-O 13. Qh2 Bg6 14. b4 f6 15.
e6 d5 16. b5 dxe4 17. Bc4 Qd4 18. Nc3 Qxc4 19. Qh3 f5 20. a4 Qxe6 21. a5 a6 22.
Qg3 Rac8 23. Bb2 Bd6 24. Qe3 Ra8 25. d4 f4 26. Qe2 Rfe8 27. d5 Qf7 28. b6 e3 29.
Nf3 Bh5 30. bxc7 Bxc7 31. Qd3 Bg6 32. Qe2 Bh5 33. Qd1 Red8 34. Ke2 b6 35. axb6
Bxb6 36. d6 Qc4+ 37. Ke1 Ba5 38. Rxa5 Bg4 39. Rg5 Be6 40. Ne5 Qc5 41. Qf3 Qxd6
42. Qxf4 Qd2+ 43. Kf1 Qxc2 44. Qxe3 Rf8+ 45. Kg1 Qxb2 46. Nc6 Rae8 47. Ne4 Bf5
48. Rxf5 Qb1+ 49. Kh2 h6 50. g4 Qa2+ 51. Kg3 Qa4 52. Nd4 Rb8 0-1

[Event "AUTO-INT-3880"]
[Site "http://www.queenalice.com/game.php?id=1837663"]
[Date "2024.5.28"]
[Round "1"]
[White "SamuraiJOM"]
[Black "Racey"]
[Result "1-0"]
[WhiteElo "1667"]
[BlackElo "1549"]

1. e4 e5 2. Nf3 Qf6 3. Bc4 Qf4 4. d4 Qxe4+ 5. Be2 Nc6 6. Nc3 Qg6 7. O-O e4 8.
Nh4 Qe6 9. Bg4 Qe7 10. Nf5 Qd8 11. Nd5 g5 12. h4 gxh4 13. Bf4 d6 14. Re1 h5 15.
Bh3 Nge7 16. Nf6# 1-0

[Event "AUTO-INT-3880"]
[Site "http://www.queenalice.com/game.php?id=1837665"]
[Date "2024.5.28"]
[Round "1"]
[White "Curie"]
[Black "Racey"]
[Result "1/2-1/2"]
[WhiteElo "1658"]
[BlackElo "1538"]

1. Nf3 h5 2. g3 d5 3. d4 a5 4. Nc3 a4 5. a3 Bd7 6. Nxd5 Bc6 7. Nf4 b5 8. b4 f5
9. Ng6 Rh7 10. Bg5 Qd6 11. Nxf8 Kxf8 12. Bh3 Be4 13. O-O Bxf3 14. exf3 Nc6 15.
Bxf5 g6 16. Bf4 Qf6 17. Qd3 Nxd4 18. Bxc7 Nxf5 19. c3 e5 20. Bb6 Qxb6 21. Qd5
Qb8 22. Rac1 Nfe7 23. Qe6 g5 24. Rfe1 Rh6 25. Qxe5 Rg6 26. Re4 h4 27. f4 g4 28.
Rce1 h3 29. f5 Rf6 30. Qxb8+ Rxb8 31. Rxg4 Nxf5 32. c4 Ngh6 33. Rf4 bxc4 34.
Rxc4 Nd6 35. Rh4 Nb5 36. Re3 Rd8 37. Rxh3 Rd1+ 38. Kg2 Rd2 39. Rh5 Rdxf2+ 40.
Kh3 Nd4 41. Rhe5 Nf3 42. g4 Rg6 43. Kg3 Nxg4 44. Re8+ Kf7 45. R3e7+ Kf6 46. b5
Kf5 47. h3 Nfh2 48. Rf7+ Kg5 49. h4+ Kh5 50. Rh8+ Rh6 51. Rxh6+ Kxh6 52. Rxf2
Nxf2 53. Kxf2 Ng4+ 54. Ke2 Ne5 55. b6 Nc6 56. Kd3 Kh5 57. Kc4 Kxh4 58. Kb5 Nb8
59. Kxa4 Kg5 60. Kb5 Kf6 61. b7 Ke7 62. Kb6 Kd7 63. Ka7 Kc7 64. Ka8 Nc6 65. a4
Kb6 66. a5+ Kxa5 67. b8=Q Nxb8 68. Kxb8 Kb6 69. Kc8 1/2-1/2